00349nam a22001337a 4500003000400000008004100004020001800045082001500063100001300078245005600091260004200147300000800189650001800197OSt210223b ||||| |||| 00| 0 eng d a9788193306451 a658.8bBWM aBW Books aMarketing White Book : The Recession Proof Marketer aNew DelhibBW Business Worldc2020-21 a216 aGeneral Books